| Поле | Инд. | ПП | Название | Значение |
|---|---|---|---|---|
| Тип записи | a | |||
| Библиографический уровень | m | |||
| 001 | Контрольный номер | RU/IS/BASE/409242305 | ||
| 005 | Дата корректировки | 20140226050202.2 | ||
| 040 | a | Служба первич. каталог. | НБ ТвГУ | |
| 041 | 00 | a | Код языка текста | rus |
| 080 | a | Индекс УДК | 94(47)"17" | |
| 084 | a | Индекс другой классификации/Индекс ББК | Т3(2)511-4 | |
| 090 | a | Полочн. индекс | 9(47)13 | |
| x | Авторский знак | Б 90 | ||
| 100 | 10 | a | Автор | Буганов Виктор Иванович |
| c | Титул (звания) | д.и.н. | ||
| d | Дата | 1928-1996 | ||
| q | Полное имя | Буганов В. И. | ||
| 245 | 00 | a | Заглавие | Московское восстание 1662 г. |
| c | Ответственность | АН СССР, Ин-т истории СССР | ||
| 260 | a | Место издания | Москва | |
| b | Издательство | Наука | ||
| c | Дата издания | 1964 | ||
| 300 | a | Объем | 136 с. | |
| b | Иллюстрации/ тип воспроизводства | ил. | ||
| 504 | a | Библиография | Библиогр.: с. 5-14 | |
| 653 | a | Ключевые слова | 1662 г. | |
| a | Ключевые слова | 17 в. | ||
| a | Ключевые слова | Бунты | ||
| a | Ключевые слова | Восстания | ||
| a | Ключевые слова | История России | ||
| a | Ключевые слова | Московское восстание | ||
| a | Ключевые слова | Московское государство | ||
| a | Ключевые слова | Россия | ||
| a | Ключевые слова | Стрелецкие восстания | ||
| 901 | t | Тип документа | m | |
| 920 | a | Оператор | Проз | |
| 954 | a | Дата поступления на обработку | 20121219 |